25 most populated cities in Catalonia - Statistics

General Stats
  • This quiz has been taken 357 times
  • The average score is 18 of 25
Answer Stats
Pop. Municipality Province % Correct
1.60 m Barcelona Barcelona
100%
139 k Lleida Lleida
99%
97.6 k Girona Girona
98%
252 k L'Hospitalet de Llobregat Barcelona
97%
131 k Tarragona Tarragona
97%
216 k Badalona Barcelona
95%
215 k Terrassa Barcelona
92%
208 k Sabadell Barcelona
91%
125 k Mataró Barcelona
86%
103 k Reus Tarragona
84%
117 k Santa Coloma de Gramenet Barcelona
75%
74.7 k Manresa Barcelona
74%
87.8 k Sant Cugat del Vallès Barcelona
72%
63.9 k Castelldefels Barcelona
62%
86.4 k Cornellà de Llobregat Barcelona
62%
60.1 k Granollers Barcelona
62%
82.2 k Sant Boi de Llobregat Barcelona
62%
63.0 k El Prat de Llobregat Barcelona
60%
74.5 k Rubí Barcelona
58%
65.7 k Vilanova i la Geltrú Barcelona
56%
65.5 k Viladecans Barcelona
48%
57.4 k Cerdanyola del Vallès Barcelona
46%
46.4 k Gavà Barcelona
45%
45.6 k Esplugues de Llobregat Barcelona
32%
51.7 k Mollet del Vallès Barcelona
32%
No matching quizzes found
Score Distribution
Percent of People with Each Score
Percentile by Number Answered
Your Score History
You have not taken this quiz